Key Concepts in Social and Culture Anthropology (Record no. 13561)

MARC details
000 -LEADER
fixed length control field 00556nam a2200217 a 4500
020 ## - INTERNATIONAL STANDARD BOOK NUMBER
ISBN 0415181569
082 00 - DEWEY DECIMAL CLASSIFICATION NUMBER
Classification number 306.6
Author Cutter RAP
100 ## - MAIN ENTRY--AUTHOR NAME
Author name Rapport, Nigel
245 ## - TITLE STATEMENT
Title Key Concepts in Social and Culture Anthropology
260 ## - PUBLICATION, DISTRIBUTION, ETC. (IMPRINT)
Place of publication London
Name of publisher Routledge Chapman Hall
Year of publication 2004
300 ## - PHYSICAL DESCRIPTION
Number of Pages 464p
500 ## - GENERAL NOTE
General note includes index and biblioraphy
650 ## - SUBJECT ADDED ENTRY--TOPICAL TERM
Topical Term Anthropology
942 ## - ADDED ENTRY ELEMENTS (KOHA)
Koha item type Books
Holdings
Collection code Home library Current library Date acquired Cost, normal purchase price Full call number Accession Number Koha item type
  Henry Martyn Institute Library Henry Martyn Institute Library 02/19/2008 295.00 306.6 RAP 021703 Books
                   Copyright © 2026 | Henry Martyn Institute | Hyderabad | TS-500052 | INDIA | Implemented by hmi.edu.in
Hit-Count:

Powered by Koha